[Event "SK Münster 4 - SC Rochade Emsdetten 2"]
[Site "Verbandsliga 2016/2017"]
[Date "2016.09.10"]
[Round "1.5"]
[White "Nöring, Andreas"]
[Black "Voß, Andreas"]
[Result "1-0"]
[WhiteElo "1836"]
[BlackElo "1784"]
[PlyCount "73"]
[EventDate "2016.??.??"]
[SourceDate "2016.09.26"]

1. e4 d5 2. exd5 Nf6 3. Nc3 Nxd5 4. Bc4 Nxc3 5. Qf3 e6 6. Qxc3 Qg5 7. Qf3 Bd6
8. d4 Qe7 9. Ne2 O-O 10. O-O c5 11. Be3 Nc6 12. c3 cxd4 13. cxd4 Nb4 14. Rac1
Rd8 15. Nc3 Bxh2+ 16. Kxh2 Qc7+ 17. Qg3 Qxc4 18. Bh6 g6 19. Qg5 Rd5 20. Nxd5
Qxd5 21. Qh4 b6 22. Rc7 Qh5 23. Qxh5 gxh5 24. Rc3 h4 25. g3 h3 26. Rfc1 Ba6 27.
Rf3 f5 28. Rc7 Nd5 29. Rc6 Kf7 30. g4 Bb7 31. Rc1 Kg6 32. Rxh3 Nf6 33. gxf5+
Kxf5 34. Rc7 Bd5 35. f3 Bxa2 36. Rg3 Rd8 37. Rg5+ 1-0

[Event "SK Münster 4 - SC Rochade Emsdetten 2"]
[Site "Verbandsliga 2016/2017"]
[Date "2016.09.10"]
[Round "1.6"]
[White "Börger, Andreas"]
[Black "Fehlings, Gerd"]
[Result "1-0"]
[WhiteElo "1782"]
[BlackElo "1753"]
[PlyCount "109"]
[EventDate "2016.??.??"]
[SourceDate "2016.09.26"]

1. e4 e6 2. Qe2 Be7 3. c4 c5 4. Nc3 Nc6 5. Nf3 d6 6. d3 Nf6 7. h3 a6 8. g3 Rb8
9. Bg2 O-O 10. O-O Nd4 11. Nxd4 cxd4 12. Nd1 b5 13. b3 bxc4 14. dxc4 e5 15. Nb2
Bd7 16. Bd2 Qc8 17. Kh2 Bc6 18. Nd3 Qb7 19. Rfe1 Nd7 20. f4 f6 21. Rab1 Nc5 22.
Nb4 Rfc8 23. Nd5 Bxd5 24. exd5 Qc7 25. b4 Na4 26. c5 dxc5 27. Qxa6 Qd7 28. fxe5
fxe5 29. Rxe5 c4 30. Rxe7 Qxe7 31. Qxa4 c3 32. Bf4 c2 33. Rc1 Rxb4 34. Qa6 Rbc4
35. d6 Qf7 36. Qb7 R4c5 37. d7 Rd8 38. Qb6 Qxd7 39. Qxc5 d3 40. Bd2 Qe6 41. Qg5
Rd7 42. a4 h6 43. Qf4 Rf7 44. Qe3 Qd6 45. Re1 Rf8 46. a5 Rd8 47. Bb7 h5 48. a6
Qc7 49. Qe6+ Kh8 50. Qg6 Qc5 51. Re8+ Rxe8 52. Qxe8+ Kh7 53. Be4+ g6 54. Qf7+
Kh8 55. Bxg6 1-0

[Event "SK Münster 4 - SC Rochade Emsdetten 2"]
[Site "Verbandsliga 2016/2017"]
[Date "2016.09.10"]
[Round "1.8"]
[White "Raschke, Wolf-Dieter"]
[Black "Ortmeier, Leonhard"]
[Result "1/2-1/2"]
[WhiteElo "1661"]
[BlackElo "1840"]
[PlyCount "90"]
[EventDate "2016.??.??"]
[SourceDate "2016.09.26"]

1. d4 Nf6 2. c4 e5 3. dxe5 Ng4 4. Nf3 Nc6 5. e3 Bc5 6. Be2 O-O 7. O-O a5 8. b3
Ngxe5 9. Bb2 Re8 10. Nc3 Nxf3+ 11. Bxf3 Ne5 12. Na4 Bf8 13. Qe2 Ra6 14. Rad1
Rh6 15. Rd5 d6 16. Bxe5 Rxe5 17. g3 Qd7 18. Rxe5 dxe5 19. Bg2 f5 20. Rd1 Qe7
21. Nc3 c6 22. f4 e4 23. Rd4 Rd6 24. Qd2 g6 25. Rxd6 Qxd6 26. Qxd6 Bxd6 27. Na4
b5 28. cxb5 cxb5 29. Nb2 Bd7 30. Bf1 b4 31. Bc4+ Kg7 32. Nd1 Kf6 33. h4 h6 34.
Nf2 Bc5 35. Nd1 Be8 36. Kf2 g5 37. hxg5+ hxg5 38. Nb2 Bh5 39. Be2 Kg6 40. Nc4
Bxe2 41. Kxe2 g4 42. Nxa5 Kf6 43. Nc4 Ke6 44. Na5 Kd5 45. Nc4 Ba7 1/2-1/2

[Event "SG Ahaus-Wessum 1 - Südlohner SV 2"]
[Site "Verbandsliga 2016/2017"]
[Date "2016.09.10"]
[Round "1.1"]
[White "Sparwel, Oliver"]
[Black "Bauland, Thomas"]
[Result "1/2-1/2"]
[WhiteElo "1905"]
[BlackElo "1861"]
[PlyCount "32"]
[EventDate "2016.??.??"]
[SourceDate "2016.09.26"]

1. d4 d5 2. Nf3 Nf6 3. c4 dxc4 4. e3 e6 5. Bxc4 c5 6. O-O a6 7. a4 Nc6 8. Nc3
cxd4 9. exd4 Be7 10. d5 exd5 11. Nxd5 Nxd5 12. Qxd5 Be6 13. Qxd8+ Nxd8 14. Bxe6
Nxe6 15. Be3 Bf6 16. Rac1 O-O 1/2-1/2

[Event "SG Ahaus-Wessum 1 - Südlohner SV 2"]
[Site "Verbandsliga 2016/2017"]
[Date "2016.09.10"]
[Round "1.2"]
[White "ter Horst, Carsten"]
[Black "Harbers, Gerard"]
[Result "1-0"]
[WhiteElo "1847"]
[BlackElo "1872"]
[PlyCount "73"]
[EventDate "2016.??.??"]
[SourceDate "2016.09.26"]

1. e4 e6 2. d3 d5 3. Nd2 c5 4. Ngf3 Nc6 5. g3 g6 6. Bg2 Bg7 7. O-O Nge7 8. c3
O-O 9. Qe2 b6 10. Re1 Ba6 11. e5 Qc7 12. Nf1 Rad8 13. h4 h6 14. N1h2 Kh7 15.
Bf4 Nf5 16. g4 Nxh4 17. Nxh4 g5 18. Bd2 gxh4 19. f4 Ne7 20. Nf3 Qd7 21. Nxh4
Ng6 22. Nf3 d4 23. c4 Bb7 24. g5 Bxf3 25. Bxf3 hxg5 26. Qh2+ Kg8 27. fxg5 Qc7
28. Bf4 Nxf4 29. Qxf4 Rd7 30. Re4 Rb8 31. Bh5 Rb7 32. Rf1 Qc8 33. g6 fxg6 34.
Bxg6 Bh8 35. Qh6 Rg7 36. Rg4 Qb8 37. Bh7# 1-0

[Event "SG Ahaus-Wessum 1 - Südlohner SV 2"]
[Site "Verbandsliga 2016/2017"]
[Date "2016.09.10"]
[Round "1.3"]
[White "Telöken, Stefan"]
[Black "Woltering, Martin"]
[Result "1/2-1/2"]
[WhiteElo "1759"]
[BlackElo "1789"]
[PlyCount "64"]
[EventDate "2016.??.??"]
[SourceDate "2016.09.26"]

1. c4 f5 2. g3 Nf6 3. Bg2 e5 4. Nc3 Be7 5. d3 d6 6. Nf3 O-O 7. O-O Qe8 8. Nd5
Bd8 9. Bd2 c6 10. Nc3 Na6 11. a3 Qh5 12. b4 Nc7 13. e3 Ng4 14. h3 Nh6 15. c5
Be7 16. b5 cxb5 17. Nxb5 Nxb5 18. Qb3+ Kh8 19. Qxb5 f4 20. cxd6 Bxd6 21. exf4
Bxh3 22. Nxe5 Bxe5 23. Qxe5 Rf5 24. Qe4 Ng4 25. Qxb7 Raf8 26. Bxh3 Qxh3 27. Qh1
Qxh1+ 28. Kxh1 Rd5 29. Bb4 Rfd8 30. Rad1 Rxd3 31. Rxd3 Rxd3 32. Rc1 Rd1+
1/2-1/2

[Event "SG Ahaus-Wessum 1 - Südlohner SV 2"]
[Site "Verbandsliga 2016/2017"]
[Date "2016.09.10"]
[Round "1.4"]
[White "Wensing, Maximilian"]
[Black "Musholt, Joachim"]
[Result "1-0"]
[WhiteElo "1780"]
[BlackElo "1677"]
[PlyCount "33"]
[EventDate "2016.??.??"]
[SourceDate "2016.09.26"]

1. e4 c5 2. Nf3 d6 3. d4 cxd4 4. Nxd4 Nf6 5. Nc3 a6 6. Bg5 e6 7. f4 h6 8. Bxf6
gxf6 9. Qf3 Bd7 10. O-O-O Nc6 11. f5 Nxd4 12. Rxd4 h5 13. Bc4 Be7 14. Qg3 Qb6
15. fxe6 Qxd4 16. exf7+ Kf8 17. Qg8+ 1-0

[Event "SG Ahaus-Wessum 1 - Südlohner SV 2"]
[Site "Verbandsliga 2016/2017"]
[Date "2016.09.10"]
[Round "1.5"]
[White "van de Laar, Han"]
[Black "Terdues, Guido"]
[Result "0-1"]
[WhiteElo "1634"]
[BlackElo "1727"]
[PlyCount "78"]
[EventDate "2016.??.??"]
[SourceDate "2016.09.26"]

1. Nf3 f5 2. d4 Nf6 3. c4 e6 4. e3 b6 5. Nc3 Bb7 6. Be2 Bb4 7. Bd2 O-O 8. O-O
a6 9. a3 Bxc3 10. Bxc3 d6 11. Rc1 Nbd7 12. b4 Qe8 13. Qc2 Qg6 14. Ne1 Ne4 15.
Qd1 Nxc3 16. Rxc3 Nf6 17. Bf3 Ne4 18. Rc2 a5 19. d5 axb4 20. axb4 Ra4 21. Nd3
e5 22. b5 Nf6 23. Be2 Rfa8 24. Ne1 Bc8 25. g3 h5 26. Ng2 Qh6 27. h4 Ra3 28. Re1
g5 29. hxg5 Qxg5 30. Nh4 f4 31. exf4 exf4 32. Bf3 Bh3 33. Kh2 fxg3+ 34. fxg3
Bg4 35. Bxg4 Nxg4+ 36. Kh3 Rxg3+ 37. Kxg3 Ne3+ 38. Kf2 Nxd1+ 39. Rxd1 Qxh4+ 0-1

[Event "SG Ahaus-Wessum 1 - Südlohner SV 2"]
[Site "Verbandsliga 2016/2017"]
[Date "2016.09.10"]
[Round "1.6"]
[White "Messelink, Gerrit"]
[Black "Schuurmans, Han"]
[Result "1-0"]
[WhiteElo "1712"]
[BlackElo "1542"]
[PlyCount "63"]
[EventDate "2016.??.??"]
[SourceDate "2016.09.26"]

1. e4 d6 2. d4 g6 3. Bc4 Bg7 4. f4 c6 5. a4 Nf6 6. Nc3 Qa5 7. Bd2 Qb6 8. Nge2
Bg4 9. a5 Qc7 10. O-O O-O 11. h3 Bxe2 12. Qxe2 Nbd7 13. e5 Ne8 14. f5 dxe5 15.
fxg6 hxg6 16. Qg4 Qd6 17. Be3 exd4 18. Ne4 Qb4 19. Bxf7+ Rxf7 20. Rxf7 Kxf7 21.
Ng5+ Kg8 22. Qe6+ Kh8 23. Qxg6 Ndf6 24. Nf7+ Kg8 25. Bg5 Qc4 26. Nh6+ Kh8 27.
Bxf6 Nxf6 28. Nf5 Qg8 29. Nxe7 Qh7 30. Qf7 Qe4 31. Rf1 Rf8 32. Ng6+ 1-0

[Event "SG Ahaus-Wessum 1 - Südlohner SV 2"]
[Site "Verbandsliga 2016/2017"]
[Date "2016.09.10"]
[Round "1.7"]
[White "Albers, Thomas"]
[Black "Mast, Holger"]
[Result "1/2-1/2"]
[WhiteElo "1766"]
[BlackElo "1708"]
[PlyCount "40"]
[EventDate "2016.??.??"]
[SourceDate "2016.09.26"]

1. d4 d5 2. Nf3 Nf6 3. Bf4 Bf5 4. e3 e6 5. Bd3 Bxd3 6. Qxd3 c6 7. Nbd2 Bd6 8.
Ne5 Nh5 9. Qe2 Nxf4 10. exf4 O-O 11. O-O Nd7 12. c3 Qc7 13. g3 c5 14. Rac1 Rfd8
15. Ndf3 Nf8 16. Rfe1 Rac8 17. Qe3 Qb6 18. b3 cxd4 19. cxd4 Qa5 20. Qe2 Bb4
1/2-1/2